000 00589nam a22001697a 4500
005 20251108164225.0
008 250721s1981 xx 000 0 ara d
082 1 4 _a916/فتح
100 1 _aأبو عيانة، فتحي محمد
245 1 0 _aجغرافية إفريقيا :
_bدراسة إقليمية للقارة مع التطبيق على دول جنوب الصحراء /
264 1 _aالإسكندرية :
_bدار الجامعات المصرية،
_c1981.
300 _a566 ص
650 1 7 _aإفريقيا
650 1 7 _aالجغرافيا
942 _2ddc
_cBK
999 _c6811
_d6811